000 01476nam0a22002891 4500
001 rc\2826020
005 20250529200735.0
035 _a(NLR Aleph) 006984177
090 _a5562215
_c5562215
100 _a20110623d1929 |||y0rusy50 ca
101 0 _arus
102 _aRU
105 _ay z |||||
200 1 _aПятилетний план работ 1928/29-1932/33 Всесоюзного научно-исследовательского института древесины
_fПриготовлено к печати Д.П. Оськиным...
210 _aМосква
_aЛенинград
_cБ. и.
_d1929
_eЛенинград
_gгос. тип. изд-ва "Ленингр. правда"
215 _a119 с.
_d23х15 см
300 _aПрил. к № 1 "Вестника Ин-та древесины"
300 _aНа 3-й с. обл. перевод тит. листа на англ. яз.
422 0 _12001#$aВестник Института древесины$v№ 1
_tВестник Института древесины
702 1 _4570
_aОськин
_bД. П.
_cвоен. и хоз. деятель, писатель
_f1892-1934
_gДмитрий Прокофьевич
_9190269
_3RU\NLR\AUTH\770190320
710 0 2 _aВсесоюзный научно-исследовательский институт древесины
801 0 _aRU
_bNLR
_gpsbo
801 1 _aRU
_bELAR
_2rusmarc
852 _aNLR
_j65/248
942 _cBOOK
980 _aNB